Тесты по биологии (Запись № 1493383)

Подробности
000 -МАРКЕР
контрольное поле 02181nam0a2200469 4500
001 - ИДЕНТИФИКАТОР ЗАПИСИ
контрольное поле RU\NLR\bibl\1166932
005 - ИДЕНТИФИКАТОР ВЕРСИИ
контрольное поле 20260405200843.0
010 ## - МЕЖДУНАРОДНЫЙ СТАНДАРТНЫЙ НОМЕР КНИГИ (ISBN)
Номер (ISBN) 5-222-08942-8
Уточнения в пер.
Тираж 5000
021 ## - НОМЕР ГОСУДАРСТВЕННОЙ РЕГИСТРАЦИИ
Код страны Российская Федерация
Номер 2007-76051
Номер Листа государственной регистраци 4089
035 ## - ДРУГИЕ СИСТЕМНЫЕ НОМЕРА
Идентификатор записи ROSTOV\BIBL\0000025118
035 ## - ДРУГИЕ СИСТЕМНЫЕ НОМЕРА
Идентификатор записи (nilc)EL/0000127819
035 ## - ДРУГИЕ СИСТЕМНЫЕ НОМЕРА
Идентификатор записи (NLR Aleph) 001153641
100 ## - ДАННЫЕ ОБЩЕЙ ОБРАБОТКИ
Данные общей обработки 20070504d2006 |||y0rusy50 ca
101 0# - ЯЗЫК РЕСУРСА
Язык текста, звукозаписи и т.д. русский
102 ## - СТРАНА ПУБЛИКАЦИИ ИЛИ ПРОИЗВОДСТВА
Страна публикации Российская Федерация
105 ## - ПОЛЕ КОДИРОВАННЫХ ДАННЫХ: ТЕКСТОВЫЕ МАТЕРИАЛЫ, МОНОГРАФИЧЕСКИЕ
Кодированные данные о монографическом текстовом документе a j |||||
200 1# - ЗАГЛАВИЕ И СВЕДЕНИЯ ОБ ОТВЕТСТВЕННОСТИ
Основное заглавие Тесты по биологии
Сведения, относящиеся к заглавию пособие для учащихся и абитуриентов
Первые сведения об ответственности Л.А. Гребеник, М.А. Солодилова, Н.В. Иванова, В.Н. Рыжаева
Последующие сведения об ответственности под ред. В.П. Иванова
210 ## - ПУБЛИКАЦИЯ, РАСПРОСТРАНЕНИЕ И ДР.
Место издания, распространения и т.д. Ростов-на-Дону
Имя издателя, распространителя и т. д. Феникс
Дата издания, распространения и т.д. 2006
215 ## - ФИЗИЧЕСКАЯ ХАРАКТЕРИСТИКА
Специфическое обозначение материала и объем 191 с.
Другие сведения о физической характеристике ил.
Размеры 21
225 1# - СЕРИЯ
Основное заглавие серии Серия "Абитуриент"
320 ## - ПРИМЕЧАНИЯ О НАЛИЧИИ В ДОКУМЕНТЕ БИБЛИОГРАФИИ / УКАЗАТЕЛЯ
Текст примечания Библиогр.: с. 190 (5 назв.)
606 ## - НАИМЕНОВАНИЕ ТЕМЫ КАК ПРЕДМЕТ
Наименование темы Биология
Формальный подзаголовок Учебные издания для средней школы
Тематический подзаголовок Знания
-- Оценка
-- Тесты
Системный номер авторитетной/нормативной записи 987193
Идентификатор авторитетной/нормативной записи RU\NLR\auth\66372387
610 0# - НЕКОНТРОЛИРУЕМЫЕ ПРЕДМЕТНЫЕ ТЕРМИНЫ
Предметный термин Ботаника
610 0# - НЕКОНТРОЛИРУЕМЫЕ ПРЕДМЕТНЫЕ ТЕРМИНЫ
Предметный термин Зоология
610 0# - НЕКОНТРОЛИРУЕМЫЕ ПРЕДМЕТНЫЕ ТЕРМИНЫ
Предметный термин Анатомия человека
610 0# - НЕКОНТРОЛИРУЕМЫЕ ПРЕДМЕТНЫЕ ТЕРМИНЫ
Предметный термин Физиология человека
610 0# - НЕКОНТРОЛИРУЕМЫЕ ПРЕДМЕТНЫЕ ТЕРМИНЫ
Предметный термин Общая биология
610 0# - НЕКОНТРОЛИРУЕМЫЕ ПРЕДМЕТНЫЕ ТЕРМИНЫ
Предметный термин Тесты
610 0# - НЕКОНТРОЛИРУЕМЫЕ ПРЕДМЕТНЫЕ ТЕРМИНЫ
Предметный термин Учебные издания
686 ## - ИНДЕКСЫ ДРУГИХ КЛАССИФИКАЦИЙ
Индекс 28.0я72
Издание LBC/RL
Код системы
701 #1 - ИМЯ ЛИЦА - АЛЬТЕРНАТИВНАЯ ОТВЕТСТВЕННОСТЬ
Код отношения Автор
Начальный элемент ввода Гребеник
Часть имени, кроме начального элемента ввода Л. А.
Расширение инициалов личного имени Леонид Андреевич
Системный номер авторитетной/нормативной записи 137340
Идентификатор авторитетной/нормативной записи RU\NLR\AUTH\770137375
701 #1 - ИМЯ ЛИЦА - АЛЬТЕРНАТИВНАЯ ОТВЕТСТВЕННОСТЬ
Код отношения Автор
Начальный элемент ввода Солодилова
Часть имени, кроме начального элемента ввода М. А.
Расширение инициалов личного имени Мария Андреевна
Системный номер авторитетной/нормативной записи 137171
Идентификатор авторитетной/нормативной записи RU\NLR\AUTH\770137206
701 #1 - ИМЯ ЛИЦА - АЛЬТЕРНАТИВНАЯ ОТВЕТСТВЕННОСТЬ
Код отношения Автор
Графика поля Кириллица
Материалы, к которым относится поле rus
Начальный элемент ввода Иванова
Часть имени, кроме начального элемента ввода Н. В.
Дополнения к именам, кроме дат канд. мед. наук, генетика
Расширение инициалов личного имени Наталья Васильевна
Системный номер авторитетной/нормативной записи 71373
Идентификатор авторитетной/нормативной записи RU\NLR\AUTH\7788445
701 #1 - ИМЯ ЛИЦА - АЛЬТЕРНАТИВНАЯ ОТВЕТСТВЕННОСТЬ
Код отношения Автор
Начальный элемент ввода Рыжаева
Часть имени, кроме начального элемента ввода В. Н.
Расширение инициалов личного имени Валентина Николаевна
Системный номер авторитетной/нормативной записи 137150
Идентификатор авторитетной/нормативной записи RU\NLR\AUTH\770137185
801 #0 - ИСТОЧНИК ЗАПИСИ
Страна Российская Федерация
Организация Донская ГПБ
Дата составления 20070504
Правила каталогизации RCR
801 #1 - ИСТОЧНИК ЗАПИСИ
Страна Российская Федерация
Организация Донская ГПБ
Дата составления 20070504
Источник данных rusmarc
801 #2 - ИСТОЧНИК ЗАПИСИ
Страна Российская Федерация
Организация NLR
Дата составления 20071213
Правила каталогизации rcr
830 ## - ОБЩЕЕ ПРИМЕЧАНИЕ, СОСТАВЛЕННОЕ КАТАЛОГИЗАТОРОМ
Текст примечания Библиограф Пальчикова
942 ## - ДОПОЛНИТЕЛЬНЫЕ ЭЛЕМЕНТЫ ЗАПИСИ (АБИС)
Тип экземпляра АБИС Книга
980 ## - КОЛЛЕКЦИЯ
Название коллекции Национальная библиография
Экземпляры
Тип экземпляра Дата поступления Источник поступления Библиотека постоянного хранения Библиотека текущего хранения Место хранения Штрих-код Статус экземпляра
Книга 13.12.2007 Обязательный экземпляр РНБ (Московский) РНБ (Московский) Фонд изданий групповой обработки 2569952  
Книга 13.12.2007 Обязательный экземпляр РНБ (Московский) РНБ (Московский) Обменный фонд 2569953